[Event "ECCC 2013"]
[Site "Rhodes"]
[Date "2013.10.22"]
[Round "3"]
[White "Mamedov, Rauf"]
[Black "Kambrath, Yannick"]
[Result "1-0"]
[WhiteElo "2641"]
[BlackElo "2298"]
[PlyCount "60"]
[EventDate "2013.10.20"]
[EventType "team"]
[EventRounds "7"]
[EventCountry "GRE"]
[WhiteTeam "Odlar Yurdu"]
[BlackTeam "Clichy Echecs 92"]

1. c4 Nf6 2. Nc3 g6 3. g3 Bg7 4. Bg2 O-O 5. d4 d6 6. Nf3 Nc6 7. O-O Bf5 8. d5
Na5 9. Nd4 Bd7 10. b3 c5 11. dxc6 bxc6 12. e4 c5 13. Nde2 Nc6 14. Bb2 Ne8 15.
f4 Nc7 16. Qd2 Ne6 17. Rad1 Rc8 18. f5 Ned4 19. g4 Ne5 20. h3 Nxe2+ 21. Nxe2
Rc6 22. Bc3 Qa8 23. Nf4 Re8 24. Nd5 Qb8 25. g5 Bc8 26. f6 Bf8 27. fxe7 Rxe7 28.
Qf4 Be6 29. Nf6+ Kh8 30. Rxd6 Qc7 1-0

[Event "ECCC 2013"]
[Site "Rhodes"]
[Date "2013.10.22"]
[Round "3"]
[White "Kreisl, Robert"]
[Black "Salihu, Sami"]
[Result "1-0"]
[WhiteElo "2408"]
[BlackElo "2215"]
[PlyCount "123"]
[EventDate "2013.10.20"]
[EventType "team"]
[EventRounds "7"]
[EventCountry "GRE"]
[WhiteTeam "Schachclub MPO Maria Saal"]
[BlackTeam "Istogu Chess Club"]

1. Nf3 f5 2. g3 b6 3. Bg2 Bb7 4. O-O Nf6 5. d3 e6 6. e4 fxe4 7. Ng5 Be7 8. Nxe4
Nxe4 9. dxe4 O-O 10. Nc3 Bc5 11. Na4 Ba6 12. Nxc5 Bxf1 13. Nxe6 dxe6 14. Qxf1
Nd7 15. Be3 Qf6 16. e5 Nxe5 17. Bxa8 Rxa8 18. f4 Nf7 19. c3 e5 20. Qc4 exf4 21.
Bxf4 c5 22. Rf1 Re8 23. b4 cxb4 24. cxb4 Qe6 25. Qxe6 Rxe6 26. b5 g5 27. Bb8
Re7 28. Rc1 Kg7 29. Rc7 Rxc7 30. Bxc7 Kf6 31. Bb8 Ne5 32. Bxa7 Nd7 33. Kf2 Ke5
34. Ke3 g4 35. Kd3 Kd5 36. Ke3 Ke5 37. a3 h6 38. Kd3 Kd5 39. Ke3 Ke5 40. a4 h5
41. Kd3 Kd5 42. Kc3 Ke4 43. Kc4 Ne5+ 44. Kb4 Nd7 45. Bxb6 Nxb6 46. a5 Nd7 47.
b6 Kf3 48. Kb5 Kg2 49. a6 Nxb6 50. Kxb6 Kxh2 51. a7 Kxg3 52. a8=Q h4 53. Qh1 h3
54. Kc5 Kf2 55. Qh2+ Kf3 56. Kd4 g3 57. Qxh3 Kf2 58. Qf5+ Kg1 59. Ke3 g2 60.
Qf2+ Kh1 61. Qh4+ Kg1 62. Kf3 1-0

[Event "ECCC 2013"]
[Site "Rhodes"]
[Date "2013.10.22"]
[Round "3"]
[White "Arben, Avdiu"]
[Black "Schachinger, Mario"]
[Result "0-1"]
[WhiteElo "1967"]
[BlackElo "2402"]
[PlyCount "52"]
[EventDate "2013.10.20"]
[EventType "team"]
[EventRounds "7"]
[EventCountry "GRE"]
[WhiteTeam "Istogu Chess Club"]
[BlackTeam "Schachclub MPO Maria Saal"]

1. e4 c6 2. d4 d5 3. exd5 cxd5 4. c4 Nf6 5. Nc3 Nc6 6. Nf3 g6 7. cxd5 Nxd5 8.
Bb5 a6 9. Qa4 axb5 10. Qxa8 Nb6 11. Qa3 b4 12. Qb3 bxc3 13. O-O cxb2 14. Bxb2
Nd5 15. Rfc1 Bg7 16. a4 O-O 17. Rc5 Nf4 18. Rd1 Qd6 19. Ba3 Qd7 20. Qe3 Qg4 21.
Rg5 Nh3+ 22. Kf1 Nxg5 23. Qxg5 Qxg5 24. Nxg5 Bxd4 25. Bxe7 Re8 26. Bd6 Bf6 0-1

[Event "ECCC 2013"]
[Site "Rhodes"]
[Date "2013.10.22"]
[Round "3"]
[White "Halvax, Georg"]
[Black "Sadiku, Bedri"]
[Result "1/2-1/2"]
[WhiteElo "2326"]
[BlackElo "2267"]
[PlyCount "54"]
[EventDate "2013.10.20"]
[EventType "team"]
[EventRounds "7"]
[EventCountry "GRE"]
[WhiteTeam "Schachclub MPO Maria Saal"]
[BlackTeam "Istogu Chess Club"]

1. e4 e5 2. Nf3 Qe7 3. Nc3 c6 4. d4 d6 5. Bc4 h6 6. O-O Nf6 7. h3 b5 8. dxe5
dxe5 9. Bb3 Qc7 10. a3 Nbd7 11. Nh4 Nc5 12. Ba2 Be6 13. Be3 Bxa2 14. Bxc5 Bxc5
15. Rxa2 O-O 16. Nf5 Kh7 17. Qe2 g6 18. Ne3 Bd4 19. Ng4 Ng8 20. Nh2 Qe7 21. Nd1
Nf6 22. a4 a6 23. Ra3 Qe6 24. Ng4 Ng8 25. Nh2 Nf6 26. Ng4 Ng8 27. Nh2 Nf6
1/2-1/2

[Event "ECCC 2013"]
[Site "Rhodes"]
[Date "2013.10.22"]
[Round "3"]
[White "Idrizaj, Abedin"]
[Black "Hartl, Daniel"]
[Result "1/2-1/2"]
[WhiteElo "2249"]
[BlackElo "2289"]
[PlyCount "82"]
[EventDate "2013.10.20"]
[EventType "team"]
[EventRounds "7"]
[EventCountry "GRE"]
[WhiteTeam "Istogu Chess Club"]
[BlackTeam "Schachclub MPO Maria Saal"]

1. e4 e5 2. Nf3 Nc6 3. d4 exd4 4. Nxd4 Nf6 5. Nxc6 bxc6 6. Qd4 d5 7. Nc3 Bd6 8.
exd5 cxd5 9. Bb5+ Bd7 10. O-O c6 11. Re1+ Be7 12. Bd3 O-O 13. Bg5 h6 14. Bf4
Re8 15. Be5 Ng4 16. Bg3 Bf6 17. Qc5 Ne5 18. Bf1 h5 19. h3 h4 20. Bh2 Qb6 21.
Na4 Qxc5 22. Nxc5 Bf5 23. c3 Nd7 24. Nb3 Nb6 25. Nd4 Bd7 26. Rec1 Na4 27. Rc2
a6 28. Rd1 c5 29. Ne2 Bc6 30. b3 Nb6 31. Bc7 Nd7 32. Nf4 Rec8 33. Bd6 d4 34.
Nh5 dxc3 35. Nxf6+ Nxf6 36. Bxc5 Bb5 37. Be7 Rc6 38. Bxf6 Rxf6 39. Rxc3 Bxf1
40. Rxf1 Rd8 41. Rc2 Rd5 1/2-1/2

[Event "ECCC 2013"]
[Site "Rhodes"]
[Date "2013.10.22"]
[Round "3"]
[White "Wiedenkeller, Michael"]
[Black "Moen, Andreas"]
[Result "1/2-1/2"]
[WhiteElo "2479"]
[BlackElo "2390"]
[PlyCount "77"]
[EventDate "2013.10.20"]
[EventType "team"]
[EventRounds "7"]
[EventCountry "GRE"]
[WhiteTeam "CE De Sprenger Echternach"]
[BlackTeam "Oslo Schakselskap"]

1. c4 Nf6 2. g3 e5 3. Bg2 d5 4. cxd5 Nxd5 5. Nc3 Nb6 6. Nf3 Nc6 7. O-O Be7 8.
a3 O-O 9. b4 Be6 10. d3 a5 11. b5 Nd4 12. Rb1 f6 13. Nd2 Rb8 14. e3 Nf5 15. Qc2
Qd7 16. Rd1 Nd5 17. Nde4 Rfc8 18. Nxd5 Bxd5 19. Bb2 c5 20. a4 b6 21. Nd2 Bxg2
22. Kxg2 Rd8 23. Nc4 Bd6 24. Qe2 Bc7 25. Rd2 Qe6 26. Qf3 Rxd3 27. Rxd3 e4 28.
Qd1 exd3 29. Qxd3 Rd8 30. Qc2 Nh4+ 31. gxh4 Qg4+ 32. Kf1 Bxh2 33. e4 Qg1+ 34.
Ke2 Qg4+ 35. Kf1 Qg1+ 36. Ke2 Qg4+ 37. Kf1 Qg1+ 38. Ke2 Qg4+ 39. Kf1 1/2-1/2

[Event "ECCC 2013"]
[Site "Rhodes"]
[Date "2013.10.22"]
[Round "3"]
[White "Stubberud, Ornulf"]
[Black "Gnichtel, Gerd"]
[Result "1-0"]
[WhiteElo "2327"]
[BlackElo "2123"]
[PlyCount "75"]
[EventDate "2013.10.20"]
[EventType "team"]
[EventRounds "7"]
[EventCountry "GRE"]
[WhiteTeam "Oslo Schakselskap"]
[BlackTeam "CE De Sprenger Echternach"]

1. d4 Nf6 2. Nc3 d5 3. Bg5 e6 4. e4 dxe4 5. Nxe4 Be7 6. Bxf6 Bxf6 7. Nf3 Bd7 8.
Bd3 Bc6 9. c3 Nd7 10. Qe2 Qe7 11. Bb5 Bxe4 12. Qxe4 c6 13. Bc4 g6 14. Bb3 Bg7
15. Qe2 Bh6 16. h4 a5 17. a3 a4 18. Bc2 Ra5 19. Nd2 Nb6 20. O-O-O Rh5 21. g3
O-O 22. f4 Bg7 23. Ne4 Ra5 24. h5 Rd8 25. hxg6 hxg6 26. Rh3 Nd5 27. Rdh1 Nf6
28. Qh2 Kf8 29. Ng5 Ke8 30. Nf3 Kd7 31. Ne5+ Kc8 32. Qe2 Qc7 33. g4 Nd5 34. Rf3
Kb8 35. Rh7 Rg8 36. Qh2 Bxe5 37. fxe5 Qd8 38. Rh5 1-0

[Event "ECCC 2013"]
[Site "Rhodes"]
[Date "2013.10.22"]
[Round "3"]
[White "Wilger, Frank"]
[Black "Dolzhikova, Olga"]
[Result "1/2-1/2"]
[WhiteElo "2107"]
[BlackElo "2237"]
[PlyCount "159"]
[EventDate "2013.10.20"]
[EventType "team"]
[EventRounds "7"]
[EventCountry "GRE"]
[WhiteTeam "CE De Sprenger Echternach"]
[BlackTeam "Oslo Schakselskap"]

1. d4 Nf6 2. Nf3 b6 3. c4 Bb7 4. Nc3 e6 5. e3 Be7 6. Bd3 d5 7. O-O O-O 8. Qe2
Nbd7 9. e4 dxe4 10. Nxe4 c5 11. dxc5 Nxe4 12. Bxe4 Bxe4 13. Qxe4 Nxc5 14. Qe2
Qd3 15. Re1 Rfd8 16. Bg5 Bxg5 17. Nxg5 Qg6 18. h4 h6 19. Nf3 Nd3 20. Ne5 Nxe5
21. Qxe5 Rd2 22. Re3 Qc2 23. Rg3 g6 24. h5 Qxb2 25. Qxb2 Rxb2 26. hxg6 Rd8 27.
gxf7+ Kxf7 28. a4 a5 29. Re1 Rdd2 30. Rf3+ Ke7 31. Re4 Rdc2 32. Rh4 Rb4 33.
Rxh6 Rcxc4 34. Rh7+ Kd6 35. Rb7 Rb1+ 36. Kh2 Rxa4 37. Rd3+ Kc6 38. Re7 Re4 39.
f3 Re2 40. Rc3+ Kd6 41. Rcc7 a4 42. f4 Kd5 43. f5 Rbb2 44. f6 Rxg2+ 45. Kh3
Rh2+ 46. Kg3 Rbg2+ 47. Kf4 Rf2+ 48. Kg3 Rhg2+ 49. Kh3 Rg1 50. f7 Rf6 51. Red7+
Ke5 52. Kh2 Rg5 53. Rc3 Rh6+ 54. Rh3 Rxh3+ 55. Kxh3 Rf5 56. Rb7 a3 57. Rxb6
Rxf7 58. Ra6 Rf3+ 59. Kg2 Rb3 60. Ra4 Kf5 61. Kf2 e5 62. Ke2 Rh3 63. Kf2 e4 64.
Ra8 Ke5 65. Rd8 a2 66. Ra8 Rh1 67. Rxa2 Kf4 68. Ra3 Rb1 69. Ke2 Rb2+ 70. Ke1
Rc2 71. Kf1 Ke5 72. Ke1 Kd4 73. Kd1 Rb2 74. Ke1 Rh2 75. Kd1 e3 76. Ra8 Kd3 77.
Rd8+ Ke4 78. Re8+ Kf3 79. Rf8+ Kg2 80. Ke2 1/2-1/2

[Event "ECCC 2013"]
[Site "Rhodes"]
[Date "2013.10.22"]
[Round "3"]
[White "Persson, Mats"]
[Black "Oberweis, Paul"]
[Result "1-0"]
[WhiteElo "2238"]
[BlackElo "2052"]
[PlyCount "46"]
[EventDate "2013.10.20"]
[EventType "team"]
[EventRounds "7"]
[EventCountry "GRE"]
[WhiteTeam "Oslo Schakselskap"]
[BlackTeam "CE De Sprenger Echternach"]

1. d4 Nf6 2. Nf3 g6 3. g3 Bg7 4. Bg2 O-O 5. O-O d6 6. c4 Nbd7 7. Nc3 e5 8. e4
exd4 9. Nxd4 a6 10. h3 Rb8 11. Be3 Re8 12. Qc2 c5 13. Nde2 b5 14. Rad1 Qc7 15.
cxb5 axb5 16. Nf4 Ne5 17. b3 Ba6 18. Ncd5 Nxd5 19. Nxd5 Qa5 20. f4 Nc6 21. e5
Nd4 22. Bxd4 cxd4 23. Qc7 Qxa2 1-0

[Event "ECCC 2013"]
[Site "Rhodes"]
[Date "2013.10.22"]
[Round "3"]
[White "Kuipers, Stefan"]
[Black "Stupak, Kirill"]
[Result "0-1"]
[WhiteElo "2411"]
[BlackElo "2487"]
[PlyCount "92"]
[EventDate "2013.10.20"]
[EventType "team"]
[EventRounds "7"]
[EventCountry "GRE"]
[WhiteTeam "Accres Apeldoorn"]
[BlackTeam "Minsk"]

1. e4 e6 2. d4 d5 3. Nc3 Bb4 4. a3 Bxc3+ 5. bxc3 dxe4 6. Qg4 Nf6 7. Qxg7 Rg8 8.
Qh6 Rg6 9. Qe3 b6 10. Ne2 Bb7 11. c4 Nbd7 12. a4 c5 13. Qc3 Rc8 14. dxc5 Nxc5
15. Be3 Ncd7 16. a5 Qc7 17. axb6 axb6 18. Qb2 Ng4 19. Nd4 Nxe3 20. fxe3 Qc5 21.
Ra7 Bc6 22. Be2 Rxg2 23. Rf1 Ne5 24. Bh5 Bd7 25. Ne2 Rc7 26. Rxc7 Qxc7 27. Qd4
Rxh2 28. Bxf7+ Ke7 29. Bg8 Nf3+ 30. Rxf3 exf3 31. Nf4 Qc5 32. Nd5+ exd5 33.
Qe5+ Kf8 34. Qf6+ Kxg8 35. Qd8+ Qf8 36. Qg5+ Kh8 37. Qe5+ Kg8 38. Qg5+ Kf7 39.
Qf4+ Ke8 40. Qb8+ Ke7 41. Qe5+ Be6 42. Qc7+ Kf6 43. Qxh2 Qb4+ 44. Kd1 Qxc4 45.
Qh6+ Ke7 46. Qg5+ Kd7 0-1

[Event "ECCC 2013"]
[Site "Rhodes"]
[Date "2013.10.22"]
[Round "3"]
[White "Teterev, Vitaly"]
[Black "Boel, Marcel"]
[Result "1-0"]
[WhiteElo "2506"]
[BlackElo "2231"]
[PlyCount "125"]
[EventDate "2013.10.20"]
[EventType "team"]
[EventRounds "7"]
[EventCountry "GRE"]
[WhiteTeam "Minsk"]
[BlackTeam "Accres Apeldoorn"]

1. e4 e5 2. Nf3 Nc6 3. Bb5 a6 4. Bxc6 dxc6 5. O-O f6 6. d4 Bg4 7. dxe5 Qxd1 8.
Rxd1 fxe5 9. Nbd2 O-O-O 10. Re1 Bd6 11. h3 Bh5 12. Nh4 Nf6 13. Nf5 Bb4 14. c3
Bf8 15. g4 Bg6 16. Nf3 Re8 17. Kg2 h6 18. b3 Nd7 19. Be3 Bf7 20. Rad1 g6 21.
Ng3 b6 22. Rh1 a5 23. Nd2 Bd6 24. h4 Kb7 25. h5 g5 26. Nf5 Bf8 27. Rb1 Be6 28.
Rhd1 Rh7 29. f3 Ra8 30. Kf2 Nf6 31. Ke2 Rd7 32. Bf2 Rdd8 33. Bg3 Nd7 34. Nc4
Re8 35. Nfe3 Bg7 36. Rd2 b5 37. Nb2 Nc5 38. Nd3 Nxd3 39. Rxd3 a4 40. Rb2 axb3
41. axb3 Ra1 42. Nc2 Raa8 43. Rd1 c5 44. c4 Kc6 45. cxb5+ Kxb5 46. Ne3 Kc6 47.
Rc1 Reb8 48. b4 Rb5 49. Rbc2 Bf8 50. bxc5 Bg7 51. Bf2 Raa5 52. Nf5 Bf8 53. Rd2
Ra2 54. Rxa2 Bxa2 55. Bd4 Be6 56. Bxe5 Bxf5 57. gxf5 Ra5 58. Rc2 Ra4 59. Bf6 g4
60. fxg4 Rxe4+ 61. Kf3 Re1 62. Bd4 Rf1+ 63. Ke4 1-0

[Event "ECCC 2013"]
[Site "Rhodes"]
[Date "2013.10.22"]
[Round "3"]
[White "Van Der Elburg, Freddie"]
[Black "Meribanov, Vitaly"]
[Result "0-1"]
[WhiteElo "2196"]
[BlackElo "2404"]
[PlyCount "104"]
[EventDate "2013.10.20"]
[EventType "team"]
[EventRounds "7"]
[EventCountry "GRE"]
[WhiteTeam "Accres Apeldoorn"]
[BlackTeam "Minsk"]

1. c4 Nf6 2. g3 c5 3. Bg2 Nc6 4. Nc3 g6 5. a3 Bg7 6. Rb1 a5 7. d3 O-O 8. Nh3 d6
9. Nf4 Bd7 10. O-O Rb8 11. h3 Ne8 12. Bd2 Nc7 13. Nfd5 Nxd5 14. Nxd5 b5 15.
cxb5 Rxb5 16. Bc3 e6 17. Bxg7 Kxg7 18. Nc3 Rb8 19. e3 Qe7 20. d4 cxd4 21. exd4
d5 22. Qd2 Qf6 23. Rfd1 Na7 24. b4 axb4 25. Rxb4 Rxb4 26. axb4 Rb8 27. Qa2 Nb5
28. Nxb5 Bxb5 29. Qd2 Bc4 30. Bf1 Qf3 31. Bxc4 dxc4 32. Rc1 Qd5 33. Qc3 Rc8 34.
Re1 Rd8 35. Rc1 Rc8 36. Re1 f6 37. Ra1 e5 38. dxe5 fxe5 39. Ra5 Qd4 40. Ra3
Qxc3 41. Rxc3 Kf6 42. Kf1 Ke6 43. Ke2 Kd5 44. Ra3 Kd4 45. Kd2 Rf8 46. f3 e4 47.
fxe4 Rf2+ 48. Kc1 c3 49. Ra7 Kc4 50. Rc7+ Kb3 51. Kd1 c2+ 52. Ke1 Rh2 0-1

[Event "ECCC 2013"]
[Site "Rhodes"]
[Date "2013.10.22"]
[Round "3"]
[White "Kocheev, Aleksandr"]
[Black "Van Dommelen, Martin"]
[Result "1/2-1/2"]
[WhiteElo "2388"]
[BlackElo "2100"]
[PlyCount "80"]
[EventDate "2013.10.20"]
[EventType "team"]
[EventRounds "7"]
[EventCountry "GRE"]
[WhiteTeam "Minsk"]
[BlackTeam "Accres Apeldoorn"]

1. e4 c5 2. Nf3 d6 3. c3 Nf6 4. Be2 Bg4 5. O-O e6 6. Re1 Nbd7 7. Bf1 Be7 8. d4
O-O 9. h3 Bh5 10. Nbd2 a6 11. a4 Rc8 12. e5 Nd5 13. Nc4 dxe5 14. dxe5 Qc7 15.
a5 Rfd8 16. g4 Bg6 17. Bg5 Nxc3 18. bxc3 Nxe5 19. Bd2 Bc2 20. Qe2 Nd3 21. Reb1
Bxb1 22. Rxb1 Nf4 23. Bxf4 Qxf4 24. Rxb7 Bd6 25. Nxd6 Rxd6 26. Ne5 Qc1 27. Nxf7
Rd1 28. Qxa6 c4 29. Nh6+ Qxh6 30. Rxg7+ Kxg7 31. Qb7+ Kg6 32. Qxc8 Rxf1+ 33.
Kxf1 Qxh3+ 34. Ke2 Qd3+ 35. Ke1 Qxc3+ 36. Kf1 Qh3+ 37. Ke1 Qc3+ 38. Kf1 Qh3+
39. Ke1 Qc3+ 40. Kf1 Qh3+ 1/2-1/2

[Event "ECCC 2013"]
[Site "Rhodes"]
[Date "2013.10.22"]
[Round "3"]
[White "Barrett, Stephen J"]
[Black "Tan, Matthew"]
[Result "0-1"]
[WhiteElo "2216"]
[BlackElo "2438"]
[PlyCount "72"]
[EventDate "2013.10.20"]
[EventType "team"]
[EventRounds "7"]
[EventCountry "GRE"]
[WhiteTeam "White Rose"]
[BlackTeam "Amay Chess Club"]

1. d4 Nf6 2. c4 c5 3. d5 e6 4. Nc3 exd5 5. cxd5 d6 6. e4 g6 7. f4 Bg7 8. Nf3
O-O 9. Be2 Re8 10. e5 dxe5 11. fxe5 Ng4 12. e6 fxe6 13. d6 Bd7 14. O-O Qb6 15.
Kh1 c4 16. Bxc4 Nf2+ 17. Rxf2 Qxf2 18. Ne4 Qb6 19. Bg5 Rf8 20. Be7 Rf4 21. Qd3
Nc6 22. Neg5 Qxb2 23. Rb1 Qc3 24. Qxc3 Bxc3 25. Bxe6+ Bxe6 26. Nxe6 Rb4 27.
Rxb4 Bxb4 28. Nc7 Rb8 29. Nd5 Ba3 30. Ng5 Nxe7 31. dxe7 Kg7 32. g4 h6 33. Ne6+
Kf7 34. Nef4 g5 35. Ne2 Bxe7 36. Ng3 Bf8 0-1

[Event "ECCC 2013"]
[Site "Rhodes"]
[Date "2013.10.22"]
[Round "3"]
[White "O'Driscoll, Kieran"]
[Black "Kleijn, Christov"]
[Result "0-1"]
[WhiteElo "2120"]
[BlackElo "2423"]
[PlyCount "126"]
[EventDate "2013.10.20"]
[EventType "team"]
[EventRounds "7"]
[EventCountry "GRE"]
[WhiteTeam "White Rose"]
[BlackTeam "Amay Chess Club"]

1. Nf3 d5 2. b3 Nf6 3. Bb2 e6 4. e3 b6 5. Be2 Bb7 6. O-O Nbd7 7. d4 Bd6 8. Ne5
c6 9. Nd2 Qc7 10. f4 Ne4 11. c4 Ndf6 12. Rc1 Nxd2 13. Qxd2 O-O 14. Bf3 c5 15.
Rfd1 Qe7 16. Qe1 Rfd8 17. Qh4 Rac8 18. Ng4 Nxg4 19. Qxe7 Bxe7 20. Bxg4 cxd4 21.
Bxd4 Ba3 22. Rc3 dxc4 23. Rxc4 Rxc4 24. bxc4 Ba6 25. Be2 f6 26. Rd2 Re8 27. Bb2
Bxb2 28. Rxb2 e5 29. Kf2 Rc8 30. Rb4 Rc7 31. Ra4 Bc8 32. Bf3 Kf7 33. Bd5+ Ke7
34. Kf3 Kd6 35. Rb4 exf4 36. Kxf4 Bd7 37. Ke4 Kc5 38. Rb2 Ba4 39. Bg8 h6 40. a3
Rd7 41. Rf2 Bc6+ 42. Kf5 Re7 43. Be6 Be4+ 44. Kxe4 Rxe6+ 45. Kd3 Rd6+ 46. Kc3
Rd1 47. Rf5+ Kc6 48. Rf3 Rd7 49. Rf5 Rd1 50. Rf3 Rd6 51. Rg3 Rd7 52. Rf3 Kd6
53. Kb4 Ke5 54. c5 bxc5+ 55. Kxc5 h5 56. a4 Rd2 57. Rg3 g5 58. h3 Rb2 59. a5 a6
60. Rf3 Rb5+ 61. Kc4 Rxa5 62. Rf2 Ra3 63. e4 Ra4+ 0-1

[Event "ECCC 2013"]
[Site "Rhodes"]
[Date "2013.10.22"]
[Round "3"]
[White "Sreeves, Clement"]
[Black "Swinkels, Robin"]
[Result "1/2-1/2"]
[WhiteElo "2233"]
[BlackElo "2536"]
[PlyCount "102"]
[EventDate "2013.10.20"]
[EventType "team"]
[EventRounds "7"]
[EventCountry "GRE"]
[WhiteTeam "Edinburgh Chess Club"]
[BlackTeam "SK 47 Eynatten"]

1. c4 b6 2. Nc3 Bb7 3. e4 e6 4. g3 c5 5. Bg2 d6 6. Nge2 Be7 7. O-O a6 8. b3 Qc7
9. Bb2 Nf6 10. d4 cxd4 11. Qxd4 O-O 12. h3 Nbd7 13. g4 Rfd8 14. Ng3 Rac8 15.
Kh1 Qb8 16. f4 Bf8 17. g5 Ne8 18. f5 Ne5 19. fxe6 fxe6 20. Qf2 Nc7 21. Na4 Na8
22. Bxe5 dxe5 23. Qf7+ Kh8 24. Qxe6 b5 25. Nc3 bxc4 26. bxc4 Re8 27. Qf7 Rc7
28. Qh5 g6 29. Qe2 Qc8 30. Nd5 Rxc4 31. Rf7 Bxd5 32. exd5 Rf4 33. Rf1 Nb6 34.
d6 Bxd6 35. Ne4 Rxf7 36. Rxf7 Be7 37. Qf2 Qe6 38. Rxe7 Qxe7 39. Qxb6 Qe6 40.
Qb7 Re7 41. Qb4 Kg7 42. a4 h6 43. gxh6+ Kxh6 44. Nc5 Qf6 45. Ne4 Qe6 46. a5 Kg7
47. Kh2 Rc7 48. Nc3 Qc4 49. Nd5 Qxb4 50. Nxb4 Rc5 51. Nxa6 Rxa5 1/2-1/2

[Event "ECCC 2013"]
[Site "Rhodes"]
[Date "2013.10.22"]
[Round "3"]
[White "Dambacher, Martijn"]
[Black "Macqueen, Calum"]
[Result "1-0"]
[WhiteElo "2493"]
[BlackElo "2236"]
[PlyCount "61"]
[EventDate "2013.10.20"]
[EventType "team"]
[EventRounds "7"]
[EventCountry "GRE"]
[WhiteTeam "SK 47 Eynatten"]
[BlackTeam "Edinburgh Chess Club"]

1. d4 Nf6 2. c4 g6 3. Nc3 Bg7 4. e4 O-O 5. f3 d6 6. Nge2 c5 7. d5 e6 8. Ng3
exd5 9. cxd5 a6 10. a4 Nbd7 11. Be2 h5 12. Bg5 Qe8 13. Qd2 Nh7 14. Bh6 h4 15.
Bxg7 Kxg7 16. Nf1 f5 17. exf5 gxf5 18. f4 Ndf6 19. Ne3 Bd7 20. O-O Qg6 21. Nc4
Ne4 22. Nxe4 fxe4 23. b4 Rad8 24. bxc5 dxc5 25. Qb2+ Kg8 26. Ne5 Qd6 27. Qxb7
Nf6 28. Qxa6 Qxa6 29. Bxa6 Nxd5 30. Bc4 Be6 31. f5 1-0

[Event "ECCC 2013"]
[Site "Rhodes"]
[Date "2013.10.22"]
[Round "3"]
[White "Koch, Thomas"]
[Black "Oswald, David C"]
[Result "1-0"]
[WhiteElo "2437"]
[BlackElo "2073"]
[PlyCount "115"]
[EventDate "2013.10.20"]
[EventType "team"]
[EventRounds "7"]
[EventCountry "GRE"]
[WhiteTeam "SK 47 Eynatten"]
[BlackTeam "Edinburgh Chess Club"]

1. d4 Nf6 2. c4 c5 3. d5 b5 4. cxb5 a6 5. bxa6 g6 6. Nc3 Bxa6 7. e4 Qa5 8. Bxa6
Nxa6 9. Qe2 Bg7 10. Kf1 d6 11. Nf3 O-O 12. g3 Rfb8 13. Nd2 Nd7 14. Nc4 Qd8 15.
Kg2 Nc7 16. Bf4 Nb6 17. Nxb6 Rxb6 18. Rac1 Qb8 19. Rc2 Qb7 20. Rd1 Na6 21. Na4
Rb4 22. b3 Nc7 23. Bd2 Rb5 24. Rc4 Qb8 25. Bf4 Qb7 26. Bg5 Na6 27. h3 h6 28.
Bc1 Nc7 29. Bb2 Bxb2 30. Qxb2 Rba5 31. Qd2 Kh7 32. e5 Nb5 33. Qf4 Rf8 34. exd6
exd6 35. h4 Ra6 36. h5 Qa8 37. Re4 Qd8 38. hxg6+ fxg6 39. Qe3 Ra7 40. Rh1 h5
41. Re6 Rf6 42. Rh4 Raf7 43. Rxf6 Qxf6 44. Rf4 Qg7 45. Rxf7 Qxf7 46. Qd3 Nd4
47. Nc3 Kh6 48. Qe3+ g5 49. f3 Qf5 50. Qe4 Qf6 51. Nd1 Kg7 52. Ne3 Kf8 53. f4
g4 54. Qh7 Nxb3 55. axb3 Qd4 56. Qh6+ Kg8 57. Qe6+ Kh8 58. Qe8+ 1-0

[Event "ECCC 2013"]
[Site "Rhodes"]
[Date "2013.10.22"]
[Round "3"]
[White "White, Alastair F"]
[Black "Polaczek, Richard"]
[Result "0-1"]
[WhiteElo "2093"]
[BlackElo "2427"]
[PlyCount "63"]
[EventDate "2013.10.20"]
[EventType "team"]
[EventRounds "7"]
[EventCountry "GRE"]
[WhiteTeam "Edinburgh Chess Club"]
[BlackTeam "SK 47 Eynatten"]

1. e4 e6 2. d4 d5 3. Nd2 Nf6 4. Bd3 c5 5. dxc5 Bxc5 6. exd5 Nxd5 7. Ne4 Be7 8.
Nf3 Nc6 9. O-O O-O 10. c4 Ndb4 11. Bb1 f5 12. Nc3 e5 13. a3 Na6 14. Nd5 e4 15.
Nd4 Bf6 16. Nxc6 bxc6 17. Nxf6+ Qxf6 18. Qe2 Be6 19. b3 Qc3 20. Qc2 Qf6 21. Bb2
Qg6 22. Qc3 Nc5 23. Bc2 f4 24. Rfe1 f3 25. g3 Rf7 26. Re3 Qg4 27. Kh1 Rf6 28.
Qe1 Rh6 29. Qf1 Rxh2+ 30. Kxh2 Qh5+ 31. Kg1 Bh3 32. Bxe4 0-1

[Event "ECCC 2013"]
[Site "Rhodes"]
[Date "2013.10.22"]
[Round "3"]
[White "Sumets, Andrey"]
[Black "Miralles, Gilles"]
[Result "1-0"]
[WhiteElo "2598"]
[BlackElo "2472"]
[PlyCount "113"]
[EventDate "2013.10.20"]
[EventType "team"]
[EventRounds "7"]
[EventCountry "GRE"]
[WhiteTeam "S.F. Wirtzfeld"]
[BlackTeam "Club d'Echecs de Geneve"]

1. d4 Nf6 2. c4 e6 3. g3 d5 4. Nf3 Bb4+ 5. Bd2 Be7 6. Bg2 O-O 7. O-O c6 8. Bf4
b6 9. Nc3 Bb7 10. Rc1 Nbd7 11. cxd5 exd5 12. Qc2 Re8 13. Rfd1 Bb4 14. Ne5 Qe7
15. Nb1 Nxe5 16. Bxe5 Ng4 17. a3 Bd6 18. Bxd6 Qxd6 19. h3 Nf6 20. e3 Ne4 21.
Nd2 Qe7 22. Nf3 g6 23. b4 a5 24. Ne5 axb4 25. axb4 c5 26. Bxe4 cxd4 27. Bf3
Qxe5 28. Rxd4 Rec8 29. Qd2 Rxc1+ 30. Qxc1 h5 31. h4 Kg7 32. Qd1 Qf6 33. Kg2 Qe7
34. Qd2 Ra4 35. Qb2 Kh7 36. Qb3 b5 37. Be2 Qe8 38. Qd3 Kg8 39. Qxb5 Qa8 40. Bf3
Bc6 41. Qc5 Qb7 42. Qd6 Qb5 43. Qd8+ Kg7 44. Rf4 Ra7 45. Qf6+ Kg8 46. g4 hxg4
47. Rxg4 Be8 48. h5 Ra6 49. Qd4 Rd6 50. hxg6 f5 51. Rg3 Bxg6 52. Qc5 Qd7 53. b5
Kh7 54. b6 Rf6 55. Qd4 Qd6 56. b7 f4 57. Qxf6 1-0

[Event "ECCC 2013"]
[Site "Rhodes"]
[Date "2013.10.22"]
[Round "3"]
[White "Gerber, Richard"]
[Black "Winants, Luc"]
[Result "0-1"]
[WhiteElo "2390"]
[BlackElo "2534"]
[PlyCount "108"]
[EventDate "2013.10.20"]
[EventType "team"]
[EventRounds "7"]
[EventCountry "GRE"]
[WhiteTeam "Club d'Echecs de Geneve"]
[BlackTeam "S.F. Wirtzfeld"]

1. d4 Nf6 2. Nf3 e6 3. c4 Bb4+ 4. Nbd2 d6 5. e3 c5 6. Be2 Nc6 7. O-O e5 8. dxc5
Bxc5 9. Nb3 Bb6 10. Qc2 O-O 11. Rd1 Qe7 12. Bd2 d5 13. cxd5 Nxd5 14. Qe4 Nf6
15. Qh4 e4 16. Nfd4 Ne5 17. Rac1 Bd7 18. Ba5 Rac8 19. a3 Bxa5 20. Nxa5 Rxc1 21.
Rxc1 Rc8 22. Rxc8+ Bxc8 23. Qf4 g6 24. b4 Kg7 25. Nc4 Nxc4 26. Bxc4 a6 27. h3
Ne8 28. Qb8 Qc7 29. Qxc7 Nxc7 30. Kf1 g5 31. Ne2 f5 32. Ke1 Kf6 33. Kd2 Ke5 34.
Kc3 Be6 35. g3 b5 36. Bxe6 Nxe6 37. h4 gxh4 38. gxh4 f4 39. Kd2 f3 40. Ng3 Nc7
41. Kc2 Nd5 42. Nh5 Nb6 43. Kc3 Nc8 44. Nf4 Nd6 45. h5 Nc4 46. Nh3 Kf5 47. Kd4
Nxa3 48. h6 Nc2+ 49. Kc3 Kg4 50. Nf4 Nxe3 51. Ng6 Nf5 52. Nf8 Kf4 53. Ne6+ Ke5
54. Ng5 Nxh6 0-1

[Event "ECCC 2013"]
[Site "Rhodes"]
[Date "2013.10.22"]
[Round "3"]
[White "Boidman, Yuri"]
[Black "Landenbergue, Claude"]
[Result "1/2-1/2"]
[WhiteElo "2398"]
[BlackElo "2393"]
[PlyCount "81"]
[EventDate "2013.10.20"]
[EventType "team"]
[EventRounds "7"]
[EventCountry "GRE"]
[WhiteTeam "S.F. Wirtzfeld"]
[BlackTeam "Club d'Echecs de Geneve"]

1. e4 Nf6 2. Nc3 e5 3. Nf3 d6 4. d4 Nbd7 5. Bc4 Be7 6. dxe5 Nxe5 7. Be2 O-O 8.
Bf4 Ng6 9. Bg3 a6 10. Nd4 Re8 11. O-O Bf8 12. Bd3 c5 13. Nf3 b5 14. Re1 Bb7 15.
b3 Rc8 16. Rb1 Ba8 17. Nd5 c4 18. bxc4 bxc4 19. Bf1 Nxe4 20. Re3 Bxd5 21. Qxd5
Nf6 22. Rxe8 Qxe8 23. Qa5 d5 24. Rb7 h6 25. Qxa6 Ne4 26. Qb5 Qxb5 27. Rxb5 Ra8
28. Rxd5 Rxa2 29. Rd4 Nxg3 30. hxg3 Rxc2 31. Rxc4 Rxc4 32. Bxc4 Bc5 33. Kf1 Kf8
34. Ke2 f6 35. Nh4 Nxh4 36. gxh4 Ke7 37. h5 Kd6 38. g4 Ke5 39. Bd3 Kf4 40. f3
Bd6 41. Be4 1/2-1/2